书目信息 |
| 题名: |
数据科学与大数据技术导论
|
|
| 作者: | 王道平 , 沐嘉慧 主编 | |
| 分册: | ||
| 出版信息: | 北京 机械工业出版社 2021.07 |
|
| 页数: | 257页 | |
| 开本: | 26cm | |
| 丛书名: | 大数据管理与应用系列教材 | |
| 单 册: | ||
| 中图分类: | TP274 | |
| 科图分类: | ||
| 主题词: | 数据处理--shu ju chu li--教材 | |
| 电子资源: | ||
| ISBN: | 978-7-111-67945-5 | |
| 000 | 01340nam 2200313 450 | |
| 001 | 202021191818 | |
| 005 | 20211025120130.0 | |
| 010 | @a978-7-111-67945-5@dCNY48.00 | |
| 100 | @a20210919d2021 em y0chiy50 ea | |
| 101 | 0 | @achi |
| 102 | @aCN@b110000 | |
| 105 | @aak a 000yy | |
| 106 | @ar | |
| 200 | 1 | @a数据科学与大数据技术导论@Ashu ju ke xue yu da shu ju ji shu dao lun@f主编王道平, 沐嘉慧 |
| 210 | @a北京@c机械工业出版社@d2021.07 | |
| 215 | @a257页@c图@d26cm | |
| 225 | 2 | @a大数据管理与应用系列教材@Ada shu ju guan li yu ying yong xi lie jiao cai |
| 312 | @a英文题名取自封面 | |
| 314 | @a王道平, 毕业于清华大学计算机系, 现为北京科技大学经济管理学院管理科学与工程系教授, 博士生导师。 | |
| 320 | @a有书目 (第256-257页) | |
| 330 | @a本书系统地介绍了数据科学基础理论、大数据理论、大数据技术及应用的相关内容, 具体内容包括数据科学概述、大数据概述、大数据与云计算、大数据的采集与预处理、大数据的存储与处理、大数据分析方法、大数据分析工具、大数据可视化、大数据安全、大数据的应用等。 | |
| 410 | 0 | @12001 @a大数据管理与应用系列教材 |
| 510 | 1 | @aIntroduction to data science and big data technology@zeng |
| 606 | 0 | @a数据处理@Ashu ju chu li@j教材 |
| 690 | @aTP274@v5 | |
| 701 | 0 | @a王道平@Awang dao ping@4主编 |
| 701 | 0 | @a沐嘉慧@Amu jia hui@4主编 |
| 801 | 0 | @aCN@c20210909 |
| 905 | @a河南城建学院图书馆@dTP274@eW144 | |
| 数据科学与大数据技术导论/主编王道平, 沐嘉慧.-北京:机械工业出版社,2021.07 |
| 257页:图;26cm.-(大数据管理与应用系列教材) |
| ISBN 978-7-111-67945-5:CNY48.00 |
| 本书系统地介绍了数据科学基础理论、大数据理论、大数据技术及应用的相关内容, 具体内容包括数据科学概述、大数据概述、大数据与云计算、大数据的采集与预处理、大数据的存储与处理、大数据分析方法、大数据分析工具、大数据可视化、大数据安全、大数据的应用等。 |
| ● |
| 相关链接 |
|
|
|
正题名:数据科学与大数据技术导论
索取号:TP274/W144
 
预约/预借
| 序号 | 登录号 | 条形码 | 馆藏地/架位号 | 状态 | 备注 |
| 1 | 1540689 | 215406898 | 自科库301/301自科库 42排6列5层/ [索取号:TP274/W144] | 在馆 | |
| 2 | 1540690 | 215406905 | 自科库301/301自科库 42排6列5层/ [索取号:TP274/W144] | 在馆 |